Journal of biological physics

Detalles Bibliográficos
Autor Corporativo: European Physical Society
Formato: Electrónico Revista
Lenguaje:inglés
Publicado: [Dordrecht] : Kluwer Academic Publishers
Dordrecht : Springer
Materias:
Acceso en línea:Full text available from Research Library: 03/01/1997 to 1 year ago

MARC

LEADER 00000nas a2200000 a 4500
001 ssj0009825
003 WaSeSS
005 20200512172242.0
006 m d
007 cr n
008 990618c19739999ne qr pss 0 a0eng c
010 |a  2007233990 
016 7 |a 2016734-9  |2 DE-600 
016 7 |a 012433695  |2 Uk 
022 |a 1573-0689  |l 0092-0606  |y 0092-0606 
035 |a (WaSeSS)ssj0009825 
040 |a F#A  |b eng  |e pn  |c F#A  |d OCLCQ  |d MUQ  |d OCLCQ  |d GUA  |d OCLCQ  |d CLU  |d OCLCQ  |d OCLCF  |d OCLCO  |d OCLCQ  |d BUF  |d EZC  |d OCLCO  |d U3W  |d AU@  |d OCLCO  |d WYU  |d OCLCO  |d UKMGB  |d DLC  |d OCLCA  |d VT2  |d OCLCO  |d NJT  |d OCLCA  |d WaSeSS 
042 |a pcc 
050 0 0 |a QH505 
060 0 0 |a W1  |b JO564E 
082 0 4 |a 571.4 
130 0 |a Journal of biological physics (Online) 
210 0 |a J. biol. phys.  |b (Dordr., Online) 
222 0 |a Journal of biological physics  |b (Dordrecht. Online) 
245 1 0 |a Journal of biological physics  |h [electronic resource]. 
260 |3 1997- :  |a [Dordrecht] :  |b Kluwer Academic Publishers 
260 3 |3 <2010-> :  |a Dordrecht :  |b Springer 
310 |a Quarterly 
362 1 |a Began with Vol. 1, issue 1 (Mar.1973). 
506 |a License restrictions may limit access. 
515 |a Some issues combined. 
538 |a Mode of access: World Wide Web. 
550 |a Recognized by the European Physical Society, <2010-> 
588 |a Description based on: Vol. 1, issue 1 (Mar.1973); title from journal information screen (SpringerLink, viewed Dec. 15, 2007). 
588 |a Latest issue consulted: Vol. 44, issue 4 (Dec. 2018) (viewed Nov. 28, 2018). 
650 0 |a Biophysics  |v Periodicals. 
650 6 |a Biophysique  |v Périodiques. 
650 7 |a Biophysics.  |2 fast  |0 (OCoLC)fst00832656 
650 2 |a Biophysics. 
655 0 |a Electronic journals. 
710 2 |a European Physical Society. 
776 0 8 |i Print version:  |t Journal of biological physics  |x 0092-0606  |w (DLC) 73646334  |w (OCoLC)1788732 
850 |a DLC 
856 4 0 |z Full text available from Research Library: 03/01/1997 to 1 year ago  |u https://search.proquest.com/publication/54192